[Event "DSOL 02 Liga Gr-D 1st"]
[Site "Playchess.com INT"]
[Date "2020.07.28"]
[Round "6.4"]
[White "Busse, Lukas Oliver"]
[Black "Ehrecke, Felix"]
[Result "1-0"]
[WhiteElo "1619"]
[BlackElo "1482"]
[PlyCount "84"]
[EventDate "2020.06.22"]
[EventType "team-tourn (rapid)"]
[EventCountry "GER"]
[SourceTitle "EXT 2021"]
[Source "ChessBase"]
[SourceDate "2020.10.23"]
[SourceVersion "1"]
[SourceVersionDate "2020.10.23"]
[SourceQuality "1"]
[WhiteTeam "Lehrte"]
[BlackTeam "Stendal"]
[WhiteTeamCountry "GER"]
[BlackTeamCountry "GER"]

1. e4 c5 2. d4 cxd4 3. c3 d3 4. Bxd3 Nc6 5. Nf3 d6 6. 0-0 Nf6 7. h3 g6 8. Bf4 Bg7 9. Nbd2 0-0 10. Qe2 Nd7 11. Rad1 Nde5 12. Bc2 Qc7 13. Rfe1 a6 14. Qe3 b5 15. Bb3 Bb7 16. Bh6 Rac8 17. Nd4 Na5 18. Bxg7 Kxg7 19. f4 Nec4 20. Bxc4 Nxc4 21. Nxc4 Qxc4 22. e5 Rfe8 23. f5 dxe5 24. Qxe5+ Kg8 25. Qf4 Qxa2 26. Rd2 Qc4 27. Qh6 Qc5 28. Rc2 e5 29. Rce2 Bc6 30. f6 Qf8 31. Qxf8+ Kxf8 32. Rxe5 Bb7 33. Re7 Bd5 34. g4 Rb8 35. g5 Rxe7 36. Rxe7 Rb7 37. Re5 Rd7 38. Kf2 Bb7 39. Ke3 Rd8 40. Re7 Re8 41. Ne6+ fxe6 42. Rxb7 Kg8 1-0

[Event "Hannover-ch U14"]
[Site "Lehrte"]
[Date "2016.10.03"]
[Round "6"]
[White "Chrubasik, Mathis"]
[Black "Busse, Lukas Oliver"]
[Result "1-0"]
[WhiteElo "1035"]
[BlackElo "783"]
[PlyCount "115"]
[EventDate "2016.10.01"]
[EventType "swiss"]
[EventRounds "7"]
[EventCountry "GER"]
[SourceTitle "EXT 2020"]
[Source "ChessBase"]
[SourceDate "2019.10.17"]
[SourceVersion "1"]
[SourceVersionDate "2019.10.17"]
[SourceQuality "1"]

1. e4 e5 2. Nf3 Nc6 3. Bc4 Bc5 4. Nc3 Nf6 5. d3 h6 6. h3 d6 7. Be3 Bb6 8. Bxb6 cxb6 9. Nd5 Nxd5 10. Bxd5 Be6 11. Bxe6 fxe6 12. Qe2 Qd7 13. Nh4 0-0-0 14. Ng6 Rhe8 15. 0-0 Nd4 16. Qd1 Qc7 17. c3 Nb5 18. a4 Qf7 19. Nh4 g5 20. Nf3 Rg8 21. axb5 Qg7 22. Nh2 Kd7 23. Rxa7 Rb8 24. d4 d5 25. exd5 exd5 26. dxe5 Qxe5 27. Ng4 Qf5 28. Nxh6 Qe4 29. Nxg8 Rxg8 30. Rxb7+ Kd6 31. Rxb6+ Kc5 32. Rb7 Rd8 33. Qd4+ Qxd4 34. cxd4+ Kxd4 35. Rd1+ Kc5 36. Rc1+ Kd4 37. Rcc7 g4 38. hxg4 Ke4 39. f3+ Kf4 40. Rd7 Rc8 41. Rxd5 Kg3 42. Rbd7 Rc2 43. Rd2 Rc5 44. R7d5 Rc7 45. b6 Re7 46. Rd1 Re2 47. R5d2 Re8 48. b7 Rb8 49. Rd7 Re8 50. Rh7 Re2 51. Rh3+ Kf4 52. b8Q+ Kg5 53. Rd5+ Kg6 54. Qb6+ Kf7 55. Rh7+ Kf8 56. Rd8+ Re8 57. Rxe8+ Kxe8 58. Qb8# 1-0